000 00439nmm a2200145Ia 4500
008 251105s9999||||xx |||||||||||||||||und||
041 _aspa
100 _aLópez Martínez, José
245 0 _aLola. Las rayas del tiempo
264 _a[Madrid, España] :
_bEditorial Club Universitario: ECU,
_c2017
300 _a193 páginas
650 _aSpanish narrative
856 _uhttps://public.digitaliapublishing.com/a/171553
942 _cCF
999 _c106364
_d106364